MARC

LEADER 00000nam0a2200000 4500
001 184008
005 20231101223818.0
035 |a (RuTPU)RU\TPU\book\199483 
090 |a 184008 
100 |a 20100825d1958 m y0rusy50 ca 
101 0 |a rus 
102 |a RU 
105 |a y j 000zy 
200 1 |a Сборник задач и упражнений по аналитической химии  |e учебное пособие для техникумов  |f А. А. Ярославцев  |g под ред. А. П. Крешкова 
210 |a Москва  |c Госхимиздат  |d 1958 
215 |a 200 с. 
606 1 |a Аналитическая химия  |2 stltpush  |3 (RuTPU)RU\TPU\subj\67454  |9 83247 
610 1 |a задачи 
610 1 |a упражнения 
610 1 |a учебные пособия 
610 1 |a теоретические основы 
610 1 |a весовой анализ 
610 1 |a объемный анализ 
610 1 |a оксидиметрия 
610 1 |a нейтрализация 
610 1 |a методы осаждения 
675 |a 543(076)  |v 3 
700 1 |a Ярославцев  |b А. А.  |g Анатолий Анатольевич 
702 1 |a Крешков  |b А. П.  |4 340 
801 1 |a RU  |b 63413507  |c 20100825 
801 2 |a RU  |b 63413507  |c 20140829  |g RCR 
942 |c BK